| 000 | 00619nam a2200205 a 4500 | ||
|---|---|---|---|
| 005 | 20240802063708.0 | ||
| 008 | 010717s1997 mx r 000 0 spa d | ||
| 020 | _a9701808517 | ||
| 035 | _aUPN01000109799 | ||
| 049 | _aI | ||
| 050 | 4 |
_aPZ74.9 _bC6.7 |
|
| 100 | 1 |
_aCorona, Pascuala, _d1917-2015 _940164 |
|
| 245 | 1 | 0 |
_aFiestas / _cPascuala Corona. |
| 260 |
_aMéxico : _bCNCA, Dirección General de Culturas Populares, _c1997. |
||
| 300 |
_a124 p. : _bil. |
||
| 650 | 4 |
_aCuentos infantiles mexicanos _97723 |
|
| 650 | 4 |
_aLiteratura infantil mexicana _910209 |
|
| 650 | 4 |
_aFOLKLORE MEXICANO _911444 |
|
| 905 | _aInfantil | ||
| 999 |
_c83709 _d83709 |
||